Statistics for Universities That Are Also Mountains

Click here to take the quiz!

General Stats

  • This quiz has been taken 8 times
  • The average score is 4 of 5

Answer Stats

ElevationPeak% Correct
14,421 ftMount {Harvard}
100%
14,204 ftMount {Princeton}
100%
14,202 ftMount {Yale}
100%
14,079 ftMount {Columbia}
75%
14,160 ftMount {Oxford}
38%

Score Distribution

Percentile by Number Answered

Percent of People with Each Score

Your Score History

You have not taken this quiz